000 00336nam a2200145Ia 4500
005 20251222143218.0
008 251222s9999||||xx |||||||||||||| ||spa||
020 _a84-254-0204-2
082 _a270/H41/1996
100 _aHertling, Ludwing
245 0 _aHistoria de la Iglesia
250 _a12a.ed.
264 _bHerder
942 _cLIB
999 _c13702
_d13702